F1 Final Quiz - Statistics

General Stats
  • This quiz has been taken 945 times
    246 since last reset
  • The average score is 270 of 407
Answer Stats
Pilots % Correct
Ferrari
97%
Lewis Hamilton
96%
Mercedes
96%
Ferrari-Lancia
94%
Max Verstappen
94%
McLaren
94%
Mercedes-Benz
94%
Lando Norris
93%
Red Bull
93%
Michael Schumacher
91%
Sebastian Vettel
91%
Williams
90%
Fernando Alonso
89%
Jenson Button
89%
Keke Rosberg
89%
Nico Rosberg
89%
Ayrton Senna
88%
Kimi Räikkönen
88%
Renault
88%
Alain Prost
85%
Juan Manuel Fangio
85%
Nigel Mansell
84%
Niki Lauda
84%
Brawn
83%
Mika Häkkinen
82%
Damon Hill
81%
Graham Hill
81%
Honda
81%
Honda RBPT
81%
Phil Hill
81%
Pirelli
80%
Nelson Piquet
79%
Nino Farina
78%
Alberto Ascari
76%
Jacques Villeneuve
76%
James Hunt
76%
Benetton
72%
Brabham
71%
Emerson Fittipaldi
71%
Jack Brabham
71%
Jackie Stewart
71%
Lotus
70%
Jim Clark
69%
Michelin
66%
Mike Hawthorn
64%
Alan Jones
63%
Denny Hulme
63%
Jody Scheckter
63%
Mario Andretti
63%
Alfa Romeo
61%
Jochen Rindt
60%
John Surtee
60%
Ford
58%
Cooper
57%
Tyrrell
54%
Bridgestone
53%
Vanwall
53%
Matra
49%
RB19
48%
Maserati
47%
RB18
47%
BRM
46%
Goodyear
44%
W11
41%
W10
39%
W06
36%
W07
36%
W09
36%
RB9
35%
W08
35%
RB8
34%
W05
34%
W12
34%
MP4/2
33%
RB6
33%
RB7
33%
MP4/4
32%
MP4/13
29%
MP4/6
29%
F2004
28%
Firestone
28%
MCL39
28%
MP4/2B
28%
MP4/5B
28%
Dunlop
27%
F2002
24%
RBPT
24%
F2001
23%
MCL38
23%
Climax
20%
R25
20%
R26
19%
TAG Porsche
19%
FW16
17%
BGP 001
15%
F2007
15%
FW18
15%
FW19
15%
F2003GA
14%
F2008
14%
Repco
14%
FW11
13%
F1-2000
12%
FW14B
12%
FW15C
11%
FW11B
10%
25
8%
79
8%
B195
8%
33
7%
FW07B
7%
FW07C
7%
F399
6%
312 T
5%
VW5
5%
312 T2
4%
72D
4%
003
3%
312 T4
3%
T43
3%
126 C2
2%
126 C3
2%
156 F1
2%
158 F1
2%
49B
2%
72C
2%
72E
2%
BT20
2%
BT24
2%
M23
2%
MS84
2%
P57
2%
No matching quizzes found
Score Distribution
Percent of People with Each Score
Percentile by Number Answered
Your Score History
You have not taken this quiz since the last reset